000 01268nam a2200325 i 4500
003 EG-GICUC
005 20260121101538.0
008 251225s2002 ua ||||fr||| 0||| ||ara|d
017 _a200215175
020 _a9770446602
040 _a EG-GICUC
_bara
_c EG-GICUC
_d EG-GICUC
_erda
041 0 _aara
082 0 4 _221
_a345.55
_bث ر . ن
092 0 4 _221
099 _aLaw1 07 345.55 ث ر . ن 2002
100 0 _aثروت عبد العال احمد
_eمؤلف.
245 1 2 _aالنظام القانوني للمخالفات المالية /
_cثروت عبد العال احمد.
264 1 _aالقاهرة :
_bدار النهضة العربية،
_c2002.
300 _a197 صفحة ؛
_c24 سم.
336 _2rda content
_atext
337 _2rda media
_aComputer
338 _2rda carrier
_aOnline Resource
504 _aيحتوي على ارجاعات ببليوجرافية يحتوي على قائمة بالمراجع
546 _aالنص أغلبه باللغة العربية مع بعض النصوص الفرنسية
650 1 4 _aحماية المال العام
_xالقانون الاداري
_2qrmak
651 1 _2qrmak
856 4 0 _uhttps://fll.law.cu.edu.eg/fulltext/bks/B07-01875.pdf
905 _a75
942 _2ddc
_cBK
_e21
_n0
999 _c52518
_d52518